00456nam a2200193 a 4500001001300000003000900013005001700022008004100039020000800080082001300088100001600101245001900117260004600136300000900182500003500191505001000226650001000236700001600246nice12345678IN_TiNIC20260116011340.0050524s1955 cama grp 000 0 eng  ac000a160bLIT aLittle, W W aApplied Logic. aCambridgebHoughton Mifflin Companyc1955 a351p aincludes index and biblioraphy2 aIndex aLogic1 aLittle, W W